Norwich City Irish Players - Statistics

General Stats
  • This quiz has been taken 6 times
  • The average score is 7 of 18
Answer Stats
Answer % Correct
Adam Idah
100%
Andrew Omobamidele
100%
Robbie Brady
100%
Wes Hoolahan
100%
Gary Doherty
67%
Alan Lee
33%
Anthony Pilkington
33%
Brian McGovern
33%
Michael Spillane
33%
Shane Duffy
33%
Stephen Elliott
33%
Tony Springett
33%
Alex Pearce
0%
David Bell
0%
David Mooney
0%
Kyle Callan-McFadden
0%
Mike Milligan
0%
Shaun Carey
0%
No matching quizzes found
Score Distribution
Percent of People with Each Score
Percentile by Number Answered
Your Score History
You have not taken this quiz